| 000 | 00576nam a22001937a 4500 | ||
|---|---|---|---|
| 005 | 20251108173229.0 | ||
| 008 | 250721s1999 xx 000 0 ara d | ||
| 082 | 1 | 4 | _a216.4/برا |
| 100 | 1 | _aبراج، جمعة محمد | |
| 245 | 1 | 0 | _aأحكام الميراث في الشريعة الإسلامية / |
| 264 |
_bدار يافا العلمية، _c1999. |
||
| 300 | _a773ص | ||
| 650 | 1 | 7 | _aالديانات |
| 650 | 1 | 7 | _aالفقه الإسلامي |
| 650 | 1 | 7 | _aالأحكام الشرعية |
| 650 | 1 | 7 | _aالمواريث |
| 942 |
_2ddc _cBK |
||
| 999 |
_c99090 _d99090 |
||